书目信息 |
| 题名: |
司号嘹亮
|
|
| 作者: | 苗春雨 著 | |
| 分册: | ||
| 出版信息: | 北京 九州出版社 2020.8 |
|
| 页数: | 115页 | |
| 开本: | 29cm | |
| 丛书名: | ||
| 单 册: | ||
| 中图分类: | J621.9 | |
| 科图分类: | ||
| 主题词: | 军号--吹奏法--教材 | |
| 电子资源: | ||
| ISBN: | 978-7-5108-9021-5 | |
| 000 | 01032nam0 2200265 45 | |
| 001 | 012001000851 | |
| 005 | 20130909170905.0 | |
| 010 | @a978-7-5108-9021-5@dCNY58.00 | |
| 100 | @a20201123d2020 em y0chiy0110 ea | |
| 101 | 0 | @achi |
| 102 | @aCN@b110000 | |
| 105 | @aag z 000yy | |
| 106 | @ar | |
| 200 | 1 | @a司号嘹亮@Asi hao liao liang@e军号演奏教程@f苗春雨著 |
| 210 | @a北京@c九州出版社@d2020.8 | |
| 215 | @a115页@c图,照片@d29cm | |
| 300 | @a其他题名:军号演奏教程 | |
| 314 | @a苗春雨,毕业于中央音乐学院。从事管乐教学十余年。曾在多所军事单位担任管乐队指导教员。2018年以来专注推广军号演奏文化。帮助多所军事单位建设司号员队伍。 | |
| 330 | @a本书共分为三个部分。第一部分介绍军号的基本知识和训练方法;第二部分是节奏训练,主要训练大家准确掌握号谱中号音演奏时值;第三部分是号音的吹奏练习,训练大家循序渐进、由低到高地掌握号音。 | |
| 517 | 1 | @a军号演奏教程 |
| 606 | 0 | @a军号@x吹奏法@j教材 |
| 690 | @aJ621.9@v5 | |
| 701 | 0 | @a苗春雨@Amiao chun yu@4著 |
| 801 | @aCN@b江苏凤凰@c20211018 | |
| 905 | @b1341281-4@dJ621.9@e504@f4 | |
| 司号嘹亮:军号演奏教程/苗春雨著.-北京:九州出版社,2020.8 |
| 115页:图,照片;29cm |
| 其他题名:军号演奏教程 |
| ISBN 978-7-5108-9021-5:CNY58.00 |
| 本书共分为三个部分。第一部分介绍军号的基本知识和训练方法;第二部分是节奏训练,主要训练大家准确掌握号谱中号音演奏时值;第三部分是号音的吹奏练习,训练大家循序渐进、由低到高地掌握号音。 |
| ● |
| 相关链接 |
|
|
|
|
正题名:司号嘹亮
索取号:J621.9/504
 
预约/预借
| 序号 | 登录号 | 条形码 | 馆藏地/架位号 | 状态 | 备注 |
| 1 | 1341281 | 213412813 | 第一样本阅览室/ [索取号:J621.9/504] | 在馆 | |
| 2 | 1341282 | 213412822 | 第一借阅区/ [索取号:J621.9/504] | 在馆 | |
| 3 | 1341283 | 213412831 | 第一借阅区/ [索取号:J621.9/504] | 在馆 | |
| 4 | 1341284 | 213412840 | 第一借阅区/ [索取号:J621.9/504] | 在馆 |